[Event "Caxambu Casa do Xadrez op"]
[Site "Caxambu"]
[Date "2022.07.24"]
[Round "5"]
[White "Ferreira, Lucas Padiar"]
[Black "Pinto, Rendrex Lopes"]
[Result "0-1"]
[WhiteElo "1218"]
[BlackElo "2162"]
[PlyCount "66"]
[EventDate "2022.07.22"]
[EventType "swiss"]
[EventRounds "6"]
[EventCountry "BRA"]
[SourceTitle "CBM 209 Extra"]
[Source "ChessBase"]
[SourceDate "2022.09.30"]
[SourceVersion "1"]
[SourceVersionDate "2022.09.30"]
[SourceQuality "1"]

1. e4 e6 2. d4 d5 3. Nc3 Bb4 4. e5 Qd7 5. a3 Bxc3+ 6. bxc3 b6 7. Qg4 f5 8. Qh5+ Qf7 9. Qxf7+ Kxf7 10. h4 Ba6 11. Bxa6 Nxa6 12. Ne2 Ne7 13. Bd2 Nc6 14. 0-0 Na5 15. Nf4 Nc4 16. Bc1 c5 17. Nd3 Rhc8 18. Ra2 Rc7 19. Nb2 Na5 20. Bd2 cxd4 21. cxd4 Rxc2 22. Bxa5 bxa5 23. Rd1 Rb8 24. Rb1 Nc7 25. Nd1 Rxb1 26. Rxc2 Rxd1+ 27. Kh2 Nb5 28. Rb2 Nxa3 29. Rb7+ Kf8 30. Rxa7 Nc4 31. Ra6 Rxd4 32. Rxe6 Rxh4+ 33. Kg1 a4 0-1

[Event "Caxambu Casa do Xadrez op"]
[Site "Caxambu"]
[Date "2022.07.22"]
[Round "2"]
[White "Pinto, Rendrex Lopes"]
[Black "Barbosa, Flavio Novais"]
[Result "1/2-1/2"]
[WhiteElo "2162"]
[BlackElo "1856"]
[PlyCount "108"]
[EventDate "2022.07.22"]
[EventType "swiss"]
[EventRounds "6"]
[EventCountry "BRA"]
[SourceTitle "CBM 209 Extra"]
[Source "ChessBase"]
[SourceDate "2022.09.30"]
[SourceVersion "1"]
[SourceVersionDate "2022.09.30"]
[SourceQuality "1"]

1. Nf3 d5 2. d4 Nf6 3. Bf4 c5 4. e3 Nc6 5. c3 Qb6 6. Qc2 Bf5 7. dxc5 Bxc2 8. cxb6 axb6 9. Na3 Ba4 10. Nb5 Ra5 11. Nc7+ Kd8 12. b4 Ra7 13. Nb5 Bxb5 14. Bxb5 Nh5 15. Bxc6 Nxf4 16. exf4 bxc6 17. Ne5 Kc7 18. Nxf7 Rg8 19. Kd2 g6 20. Ng5 h6 21. Nf3 Bg7 22. Rhe1 Bf6 23. Kc2 Ra3 24. Ne5 g5 25. Kb2 Ra4 26. Kb3 b5 27. f5 h5 28. Nd3 Ra7 29. a4 bxa4+ 30. Rxa4 Rxa4 31. Kxa4 g4 32. Nf4 h4 33. Ng6 e5 34. Nxe5 Re8 35. f4 gxf3 36. Nxf3 Rxe1 37. Nxe1 Bxc3 38. Nf3 Bf6 39. g4 hxg3 40. hxg3 Kd6 41. g4 d4 42. g5 Bh8 43. f6 Kd5 44. Ka5 d3 45. Kb6 Ke4 46. Nd2+ Kf5 47. Kxc6 Kxg5 48. f7 Bg7 49. Kd7 Kf6 50. b5 Kxf7 51. Nc4 Bd4 52. Kd6 Bc3 53. Kd5 d2 54. Ne3 Ba5 1/2-1/2

[Event "Barueri op 3rd"]
[Site "Barueri"]
[Date "2019.04.20"]
[Round "3"]
[White "Pinto, Rendrex Lopes"]
[Black "Campelo, Leandro Fabricio"]
[Result "0-1"]
[WhiteElo "2212"]
[BlackElo "2141"]
[PlyCount "87"]
[EventDate "2019.04.19"]
[EventType "swiss"]
[EventRounds "6"]
[EventCountry "BRA"]
[SourceTitle "CBM 190 Extra"]
[Source "ChessBase"]
[SourceDate "2019.07.15"]
[SourceVersion "1"]
[SourceVersionDate "2019.07.15"]
[SourceQuality "1"]

1. Nf3 Nf6 2. b3 g6 3. Bb2 Bg7 4. c4 d6 5. d4 0-0 6. g3 Nbd7 7. Bg2 e5 8. e3 exd4 9. Nxd4 Nc5 10. Nc3 a5 11. 0-0 Re8 12. Qc2 c6 13. h3 Qb6 14. Rfd1 a4 15. bxa4 Qb4 16. Rab1 Nxa4 17. Nxc6 bxc6 18. Bxc6 Nxb2 19. Rxb2 Qa5 20. Rb5 Qa7 21. Bxa8 Qxa8 22. Nd5 Bxh3 23. e4 Rxe4 24. Nxf6+ Bxf6 25. Rb8+ Qxb8 26. Qxe4 Bf5 27. Qd5 Be5 28. c5 dxc5 29. Qxc5 Bxg3 30. a4 Bh2+ 31. Kg2 Bc7 32. Qb5 Qc8 33. f3 Bh3+ 34. Kf2 Qe6 35. Qd5 Qb6+ 36. Ke2 Qa6+ 37. Qb5 Qe6+ 38. Kf2 Qa2+ 39. Ke3 Qe6+ 40. Kf2 Bb6+ 41. Kg3 Bf5 42. Qd5 Qe3 43. Qd2 Bc7+ 44. Kg2 0-1

[Event "Barueri op 3rd"]
[Site "Barueri"]
[Date "2019.04.19"]
[Round "2"]
[White "Gazola, Vanessa Ramos"]
[Black "Pinto, Rendrex Lopes"]
[Result "0-1"]
[WhiteElo "1942"]
[BlackElo "2212"]
[PlyCount "70"]
[EventDate "2019.04.19"]
[EventType "swiss"]
[EventRounds "6"]
[EventCountry "BRA"]
[SourceTitle "CBM 190 Extra"]
[Source "ChessBase"]
[SourceDate "2019.07.15"]
[SourceVersion "1"]
[SourceVersionDate "2019.07.15"]
[SourceQuality "1"]

1. d4 Nf6 2. c4 c5 3. d5 e5 4. Nc3 d6 5. e4 Be7 6. g3 Nbd7 7. Bg2 a6 8. a4 b6 9. Nge2 0-0 10. 0-0 Ne8 11. Kh1 g6 12. Bh6 Ng7 13. Qd2 Nf6 14. h3 Kh8 15. Rae1 Ng8 16. Be3 Ra7 17. f4 f5 18. fxe5 dxe5 19. Rd1 Bd6 20. Bg5 Qe8 21. b3 Raf7 22. Kh2 f4 23. gxf4 h6 24. Bh4 exf4 25. Bf3 g5 26. Bf2 h5 27. Rg1 g4 28. hxg4 hxg4 29. Rh1 Nh5 30. Kg1 Rh7 31. Nd4 cxd4 32. Bxd4+ Be5 33. Bxb6 gxf3 34. Kf2 Qg6 35. Rdg1 Qxb6+ 0-1

[Event "Paulista-chT"]
[Site "Sao Paulo"]
[Date "2018.02.18"]
[Round "3.1"]
[White "Machado, Antonio Rodrigo"]
[Black "Pinto, Rendrex Lopes"]
[Result "0-1"]
[WhiteElo "1673"]
[BlackElo "2190"]
[PlyCount "58"]
[EventDate "2018.02.17"]
[EventType "team-tourn"]
[EventRounds "7"]
[EventCountry "BRA"]
[SourceTitle "CBM 183 Extra"]
[Source "ChessBase"]
[SourceDate "2018.04.19"]
[SourceVersion "1"]
[SourceVersionDate "2018.04.19"]
[SourceQuality "1"]
[WhiteTeam "Caetano CDRSJ"]
[BlackTeam "AAS CDRSJ FIP"]
[WhiteTeamCountry "BRA"]
[BlackTeamCountry "BRA"]

1. e4 g6 2. d4 Bg7 3. Nf3 c5 4. Nc3 cxd4 5. Nxd4 Nc6 6. Be3 d6 7. Qd2 Bd7 8. Bc4 Rc8 9. Bb3 Nf6 10. f3 a6 11. g4 Qa5 12. 0-0-0 h6 13. Kb1 Ne5 14. h4 b5 15. h5 g5 16. Qf2 Qc7 17. Nf5 Bxf5 18. gxf5 Nc4 19. Bc1 Qc5 20. Qxc5 Rxc5 21. f4 Ng4 22. Rhe1 gxf4 23. Rg1 Nce5 24. Bxf4 Bf6 25. Nd5 Bg5 26. c3 Rxd5 27. Bxd5 Bxf4 28. Bb7 Kd7 29. Bd5 Ne3 0-1

[Event "Paulista-chT"]
[Site "Sao Paulo"]
[Date "2018.02.17"]
[Round "1.1"]
[White "Da Silva Junior, Sediney Mari"]
[Black "Pinto, Rendrex Lopes"]
[Result "0-1"]
[WhiteElo "1986"]
[BlackElo "2190"]
[PlyCount "60"]
[EventDate "2018.02.17"]
[EventType "team-tourn"]
[EventRounds "7"]
[EventCountry "BRA"]
[SourceTitle "CBM 183 Extra"]
[Source "ChessBase"]
[SourceDate "2018.04.19"]
[SourceVersion "1"]
[SourceVersionDate "2018.04.19"]
[SourceQuality "1"]
[WhiteTeam "AAS CDRSJ"]
[BlackTeam "AAS CDRSJ FIP"]
[WhiteTeamCountry "BRA"]
[BlackTeamCountry "BRA"]

1. e4 g6 2. d4 Bg7 3. Nf3 c5 4. c3 cxd4 5. cxd4 Nf6 6. Nc3 d6 7. Be2 0-0 8. 0-0 b6 9. Bg5 Bb7 10. e5 Ne8 11. h4 Nd7 12. e6 fxe6 13. h5 gxh5 14. Nh4 Nef6 15. Bxh5 Nxh5 16. Qxh5 Qe8 17. Qe2 Qf7 18. Rad1 Rac8 19. Rd2 Kh8 20. Re1 e5 21. d5 Bf6 22. Nf3 Rg8 23. Qe3 Rxc3 24. bxc3 Bxd5 25. Bxf6+ Nxf6 26. Nh4 Qh5 27. Qh3 Bxg2 28. Qxg2 Rxg2+ 29. Nxg2 Ng4 30. Ne3 Nh2 0-1

[Event "Florianopolis op 4th"]
[Site "Florianopolis"]
[Date "2018.01.20"]
[Round "2"]
[White "Pinto, Rendrex Lopes"]
[Black "Cubas, Jose Fernando"]
[Result "1/2-1/2"]
[WhiteElo "2190"]
[BlackElo "2472"]
[PlyCount "75"]
[EventDate "2018.01.19"]
[EventType "swiss"]
[EventRounds "10"]
[EventCountry "BRA"]
[SourceTitle "CBM 182 Extra"]
[Source "ChessBase"]
[SourceDate "2018.02.23"]
[SourceVersion "1"]
[SourceVersionDate "2018.02.23"]
[SourceQuality "1"]

1. Nf3 Nf6 2. b3 g6 3. Bb2 Bg7 4. g3 0-0 5. Bg2 d5 6. 0-0 c5 7. d3 Nc6 8. Ne5 Qd6 9. Nxc6 Qxc6 10. c4 Be6 11. Nc3 Qd7 12. cxd5 Nxd5 13. Nxd5 Bxd5 14. Bxg7 Kxg7 15. Bxd5 Qxd5 16. Qc2 Rac8 17. Rac1 Rfd8 18. Qb2+ f6 19. Rc4 b5 20. Rc3 h5 21. h4 Rd6 22. Rfc1 g5 23. hxg5 Qxg5 24. Qc2 Rdc6 25. d4 c4 26. Qe4 e6 27. bxc4 bxc4 28. Rb1 Qd5 29. Rb7+ R8c7 30. Rxc7+ Rxc7 31. Qf4 Rb7 32. Rf3 Qg5 33. Qxg5+ fxg5 34. Rc3 Rb4 35. a3 Rb3 36. Rxc4 Rxa3 37. Rc6 Kf7 38. f3 1/2-1/2

[Event "Florianopolis op 4th"]
[Site "Florianopolis"]
[Date "2018.01.20"]
[Round "3"]
[White "Pinto, Rendrex Lopes"]
[Black "Matsuura, Everaldo"]
[Result "0-1"]
[WhiteElo "2190"]
[BlackElo "2492"]
[PlyCount "147"]
[EventDate "2018.01.19"]
[EventType "swiss"]
[EventRounds "10"]
[EventCountry "BRA"]
[SourceTitle "EXT 2019"]
[Source "ChessBase"]
[SourceDate "2018.10.10"]
[SourceVersion "1"]
[SourceVersionDate "2018.10.10"]
[SourceQuality "1"]

1. Nf3 d5 2. b3 c5 3. e3 a6 4. Bb2 Nc6 5. d4 cxd4 6. Nxd4 Nf6 7. Nd2 e6 8. Bd3 Bd6 9. 0-0 0-0 10. Nxc6 bxc6 11. Qe2 e5 12. e4 Re8 13. Rfd1 Bg4 14. f3 Bc8 15. Nf1 a5 16. Kh1 a4 17. Bc1 dxe4 18. Bxe4 Nxe4 19. Qxe4 Qc7 20. Ne3 Be6 21. Nf5 Bf8 22. Bg5 f6 23. Be3 g6 24. Nh6+ Kh8 25. Qh4 g5 26. Qh5 Qg7 27. Ng4 Bf7 28. Qh3 Qg6 29. Nf2 Be6 30. g4 Qxc2 31. Ne4 axb3 32. Rac1 Qxa2 33. Nxf6 Re7 34. Bxg5 Rf7 35. Qg3 b2 36. Rb1 Ra5 37. Ne4 Bb3 38. Nc3 Qa3 39. Rd2 Bd5 40. Nxd5 Rxd5 41. Rxd5 cxd5 42. Qxe5+ Bg7 43. Qxd5 Qxf3+ 44. Qxf3 Rxf3 45. Kg2 Ra3 46. Bc1 bxc1Q 47. Rxc1 Bf6 48. Rc8+ Kg7 49. Rc7+ Kg6 50. Rc6 h6 51. h4 Kf7 52. Rc7+ Kg6 53. Rc6 Rb3 54. Ra6 Rd3 55. Rb6 Kf7 56. Rb7+ Be7 57. Rb6 Bd6 58. Rb7+ Kf6 59. Ra7 Ke5 60. Rf7 Ke4 61. g5 hxg5 62. hxg5 Rg3+ 63. Kf2 Rxg5 64. Rd7 Bc5+ 65. Ke2 Rg2+ 66. Kf1 Rf2+ 67. Ke1 Ke3 68. Rd5 Bb4+ 69. Kd1 Bc3 70. Rd8 Bd4 71. Ke1 Rf5 72. Re8+ Kd3 73. Rg8 Ra5 74. Kf1 0-1

[Event "Sao Paulo Segal Memorial 1st"]
[Site "Sao Paulo"]
[Date "2016.05.22"]
[Round "6"]
[White "Pinto, Rendrex Lopes"]
[Black "Do Valle Cardoso, Lucas"]
[Result "1-0"]
[WhiteElo "2201"]
[BlackElo "1448"]
[PlyCount "51"]
[EventDate "2016.05.20"]
[EventType "swiss"]
[EventRounds "6"]
[EventCountry "BRA"]
[SourceTitle "CBM 172 Extra"]
[Source "ChessBase"]
[SourceDate "2016.06.21"]
[SourceVersion "1"]
[SourceVersionDate "2016.06.21"]
[SourceQuality "1"]

1. e4 e5 2. Nf3 Nc6 3. d4 exd4 4. Bc4 Nf6 5. e5 d5 6. Bb5 Ne4 7. Nxd4 Bd7 8. Bxc6 bxc6 9. 0-0 Be7 10. f3 Nc5 11. f4 Ne4 12. Nc3 Nxc3 13. bxc3 c5 14. Ne2 Bf5 15. Ng3 Bc8 16. f5 Ba6 17. Rf2 Qd7 18. Qg4 g6 19. e6 fxe6 20. fxe6 Qb5 21. Rf7 Rf8 22. Bh6 Rxf7 23. exf7+ Kxf7 24. Rf1+ Ke8 25. Qe6 Qb6 26. Rf8# 1-0

[Event "Sao Paulo Segal Memorial 1st"]
[Site "Sao Paulo"]
[Date "2016.05.20"]
[Round "2"]
[White "Calcado, Acyr Rogerio"]
[Black "Pinto, Rendrex Lopes"]
[Result "1/2-1/2"]
[WhiteElo "2140"]
[BlackElo "2201"]
[PlyCount "114"]
[EventDate "2016.05.20"]
[EventType "swiss"]
[EventRounds "6"]
[EventCountry "BRA"]
[SourceTitle "CBM 172 Extra"]
[Source "ChessBase"]
[SourceDate "2016.06.21"]
[SourceVersion "1"]
[SourceVersionDate "2016.06.21"]
[SourceQuality "1"]

1. e4 e6 2. d4 d5 3. Nc3 dxe4 4. Nxe4 Bd7 5. Nf3 Bc6 6. Bd3 Nd7 7. Qe2 Ngf6 8. Bg5 Be7 9. Ned2 Nd5 10. Bxe7 Qxe7 11. 0-0-0 Nf4 12. Qf1 Nxd3+ 13. Qxd3 0-0-0 14. Rhe1 Qf6 15. Kb1 Kb8 16. Ne4 Qg6 17. Neg5 Qxd3 18. Rxd3 Rdf8 19. Ne5 Nxe5 20. dxe5 Bxg2 21. Rd7 Bc6 22. Rxf7 Rxf7 23. Nxf7 Rf8 24. Ng5 Bd5 25. Re2 h6 26. Nh3 g5 27. b3 b5 28. a3 Bg2 29. Ng1 Bf1 30. Rd2 Rf5 31. Rd8+ Kb7 32. Rh8 Rxe5 33. Rxh6 Re1+ 34. Kb2 g4 35. Rg6 Bg2 36. Rxg4 Rxg1 37. h4 Kc6 38. h5 Kd5 39. h6 Rh1 40. Rxg2 Rxh6 41. Rg7 Kd6 42. Rf7 a5 43. Kc3 Rh3+ 44. Kb2 b4 45. a4 Rc3 46. Kc1 Kd5 47. Kd2 Ke4 48. Rf6 e5 49. Rf7 c5 50. Rc7 Kd5 51. Ra7 Rf3 52. Ke2 Rc3 53. Kd2 Rf3 54. Ke2 e4 55. Rxa5 Rc3 56. Kd2 Rf3 57. Ke2 Rc3 1/2-1/2

[Event "Sao Paulo Camara Memorial 1st"]
[Site "Sao Paulo"]
[Date "2016.03.13"]
[Round "5"]
[White "Pinto, Rendrex Lopes"]
[Black "Cadilhac, Igor Tokuichi Kikuc"]
[Result "0-1"]
[WhiteElo "2207"]
[BlackElo "2127"]
[PlyCount "26"]
[EventDate "2016.03.11"]
[EventType "swiss"]
[EventRounds "6"]
[EventCountry "BRA"]
[SourceTitle "CBM 171 Extra"]
[Source "ChessBase"]
[SourceDate "2016.04.26"]
[SourceVersion "1"]
[SourceVersionDate "2016.04.26"]
[SourceQuality "1"]

1. Nf3 c5 2. g3 Nc6 3. Bg2 g6 4. 0-0 Bg7 5. d3 d6 6. e4 e5 7. Nc3 Nge7 8. Nd2 Be6 9. Nc4 0-0 10. Bg5 h6 11. Be3 f5 12. exf5 gxf5 13. f4 d5 0-1

[Event "Sao Paulo Camara Memorial 1st"]
[Site "Sao Paulo"]
[Date "2016.03.12"]
[Round "4"]
[White "Pinto, Rendrex Lopes"]
[Black "Deus Filho, Joaquim"]
[Result "1-0"]
[WhiteElo "2207"]
[BlackElo "1995"]
[PlyCount "151"]
[EventDate "2016.03.11"]
[EventType "swiss"]
[EventRounds "6"]
[EventCountry "BRA"]
[SourceTitle "CBM 171 Extra"]
[Source "ChessBase"]
[SourceDate "2016.04.26"]
[SourceVersion "1"]
[SourceVersionDate "2016.04.26"]
[SourceQuality "1"]

1. d4 d5 2. Nf3 c6 3. c4 Bf5 4. Nc3 e6 5. g3 a6 6. Bg2 h6 7. 0-0 Be7 8. Qb3 b5 9. cxd5 cxd5 10. Ne5 Nf6 11. Rd1 0-0 12. f3 Nfd7 13. e4 Nxe5 14. exf5 Nc4 15. Qc2 Qb6 16. b3 Nd6 17. fxe6 fxe6 18. Bh3 Rf6 19. Ba3 Nf5 20. Bxf5 Bxa3 21. Bg4 Nc6 22. Ne2 Nxd4 23. Nxd4 Bc5 24. Rac1 Bxd4+ 25. Kh1 Be3 26. Qc6 Rb8 27. Rc2 Qxc6 28. Rxc6 Rb6 29. Rdc1 e5 30. Rc8+ Kh7 31. R1c7 d4 32. Re7 Rbc6 33. Bf5+ Rxf5 34. Rxc6 Rxf3 35. Rxe5 Rf1+ 36. Kg2 Rf2+ 37. Kh3 Rxa2 38. Re7 Bg5 39. Rd7 Rb2 40. Rxa6 Rxb3 41. Rxd4 Bf6 42. Rd7 Bc3 43. Kg4 Rb4+ 44. Kf5 Rc4 45. h4 Rc5+ 46. Kg4 h5+ 47. Kf3 b4 48. Rb6 Ra5 49. Rdb7 Rd5 50. Rb5 Rd3+ 51. Kg2 Kh6 52. R7b6+ Bf6 53. Rxb4 Rd2+ 54. Kh3 Rd1 55. Rb3 Rh1+ 56. Kg2 Rc1 57. Kf3 Rf1+ 58. Ke4 Kg6 59. Rd3 Rf2 60. Rb5 Re2+ 61. Kf3 Re8 62. Rdd5 Rh8 63. Ke4 Re8+ 64. Kf4 Rh8 65. Ra5 Rf8 66. Rf5 Rh8 67. Rab5 Rh7 68. Rb8 Rh6 69. Rfb5 Kf7 70. Kf5 Be7 71. R5b6 g6+ 72. Ke5 Rh7 73. R6b7 Rh6 74. Ra8 g5 75. hxg5 Re6+ 76. Kf5 1-0

[Event "Sao Paulo Camara Memorial 1st"]
[Site "Sao Paulo"]
[Date "2016.03.11"]
[Round "2"]
[White "Pinto, Rendrex Lopes"]
[Black "Gabriel, Claudiomar"]
[Result "1-0"]
[WhiteElo "2207"]
[BlackElo "1714"]
[PlyCount "83"]
[EventDate "2016.03.11"]
[EventType "swiss"]
[EventRounds "6"]
[EventCountry "BRA"]
[SourceTitle "CBM 171 Extra"]
[Source "ChessBase"]
[SourceDate "2016.04.26"]
[SourceVersion "1"]
[SourceVersionDate "2016.04.26"]
[SourceQuality "1"]

1. e4 g6 2. d4 Bg7 3. c4 c5 4. d5 d6 5. Nc3 f5 6. exf5 Bxf5 7. Bd3 Bxd3 8. Qxd3 Nf6 9. Nf3 Na6 10. 0-0 0-0 11. Re1 Qd7 12. Bg5 Rae8 13. a3 Nc7 14. Rad1 a6 15. b4 b6 16. Rd2 Nh5 17. Rde2 Bf6 18. Bc1 Rf7 19. Ne4 Bg7 20. Neg5 Nf4 21. Bxf4 Rxf4 22. Ne6 Nxe6 23. Rxe6 Rf6 24. Ng5 Bh6 25. f4 cxb4 26. axb4 b5 27. c5 dxc5 28. bxc5 Bxg5 29. fxg5 Rf7 30. d6 Kf8 31. Qd4 Kg8 32. c6 Qd8 33. d7 Ref8 34. g3 Qc7 35. Qd5 Qb6+ 36. R1e3 Kg7 37. Qe5+ Kg8 38. Qd5 Kg7 39. Kg2 b4 40. Rxe7 Qd8 41. Rxf7+ Rxf7 42. Qd4+ 1-0

[Event "Sao Paulo Consciencia op 7th"]
[Site "Sao Paulo"]
[Date "2015.11.22"]
[Round "6"]
[White "Lima, Vinicius Taishun"]
[Black "Pinto, Rendrex Lopes"]
[Result "0-1"]
[WhiteElo "1594"]
[BlackElo "2196"]
[PlyCount "80"]
[EventDate "2015.11.20"]
[EventType "swiss"]
[EventRounds "6"]
[EventCountry "BRA"]
[SourceTitle "CBM 170 Extra"]
[Source "ChessBase"]
[SourceDate "2016.02.25"]
[SourceVersion "1"]
[SourceVersionDate "2016.02.25"]
[SourceQuality "1"]

1. e4 e6 2. d4 d5 3. Nc3 Bb4 4. exd5 exd5 5. Nf3 Ne7 6. Be2 0-0 7. Bf4 Ng6 8. Bg3 f5 9. h3 f4 10. Bh2 c6 11. 0-0 Bf5 12. Re1 Nd7 13. a3 Bd6 14. Qd2 Qf6 15. Rad1 Rae8 16. Bd3 Nb6 17. Bxf5 Nc4 18. Qd3 Nxb2 19. Qd2 Nxd1 20. Qxd1 Qxf5 21. Rxe8 Rxe8 22. Qc1 Qf8 23. Nb1 b5 24. Qb2 Nh4 25. Nfd2 Re1+ 26. Nf1 f3 27. g3 Qf5 28. g4 Bxh2+ 29. Kxh2 Qf4+ 30. Ng3 Rf1 31. c3 h5 32. gxh5 Nf5 33. Qc2 Nxg3 34. fxg3 Qe4 35. Qxe4 dxe4 36. g4 e3 37. Kg3 f2 38. Kf3 Rxb1 39. Kxe3 f1Q 40. Ke4 Re1# 0-1

[Event "Sao Paulo Consciencia op 7th"]
[Site "Sao Paulo"]
[Date "2015.11.20"]
[Round "1"]
[White "Pinto, Rendrex Lopes"]
[Black "De Sousa, Fabiana"]
[Result "1-0"]
[WhiteElo "2196"]
[BlackElo "1522"]
[PlyCount "39"]
[EventDate "2015.11.20"]
[EventType "swiss"]
[EventRounds "6"]
[EventCountry "BRA"]
[SourceTitle "CBM 170 Extra"]
[Source "ChessBase"]
[SourceDate "2016.02.25"]
[SourceVersion "1"]
[SourceVersionDate "2016.02.25"]
[SourceQuality "1"]

1. d4 d5 2. Nf3 Nf6 3. c4 e6 4. Nc3 Be7 5. g3 Nbd7 6. cxd5 exd5 7. Bg2 0-0 8. 0-0 c6 9. Bf4 Re8 10. Rc1 Nf8 11. Ne5 Qb6 12. Na4 Qa5 13. a3 Ne6 14. Be3 Bd6 15. f4 Nf8 16. Bd2 Qd8 17. b4 Bg4 18. Nxg4 Nxg4 19. e4 dxe4 20. Qxg4 1-0

[Event "Sao Paulo Freitas Memorial"]
[Site "Sao Paulo"]
[Date "2015.10.12"]
[Round "5"]
[White "Mandetta, Joao Danilo"]
[Black "Pinto, Rendrex Lopes"]
[Result "1/2-1/2"]
[WhiteElo "2297"]
[BlackElo "2163"]
[PlyCount "53"]
[EventDate "2015.10.10"]
[EventType "swiss"]
[EventRounds "6"]
[EventCountry "BRA"]
[SourceTitle "CBM 168 Extra"]
[Source "ChessBase"]
[SourceDate "2015.10.29"]
[SourceVersion "1"]
[SourceVersionDate "2015.10.29"]
[SourceQuality "1"]

1. Nf3 Nf6 2. c4 d6 3. g3 g6 4. b4 Bg7 5. Bb2 0-0 6. Bg2 c6 7. 0-0 Qb6 8. Bc3 d5 9. c5 Qc7 10. Be5 Qd8 11. d4 Nbd7 12. Bf4 a5 13. bxa5 Nh5 14. Bd2 Nxc5 15. Bb4 Na6 16. Bc3 c5 17. Nbd2 Bf5 18. Rc1 Be4 19. Nb3 cxd4 20. Bxd4 Rc8 21. Rxc8 Qxc8 22. Qd2 Qb8 23. Bh3 e5 24. Bb6 d4 25. Rc1 Bc6 26. Bg2 Nf6 27. e3 1/2-1/2

[Event "Sao Paulo Freitas Memorial"]
[Site "Sao Paulo"]
[Date "2015.10.12"]
[Round "6"]
[White "Pinto, Rendrex Lopes"]
[Black "Tsuboi, Edson Kenji"]
[Result "1-0"]
[WhiteElo "2163"]
[BlackElo "2274"]
[PlyCount "116"]
[EventDate "2015.10.10"]
[EventType "swiss"]
[EventRounds "6"]
[EventCountry "BRA"]
[SourceTitle "CBM 168 Extra"]
[Source "ChessBase"]
[SourceDate "2015.10.29"]
[SourceVersion "1"]
[SourceVersionDate "2015.10.29"]
[SourceQuality "1"]

1. Nf3 c5 2. c4 Nc6 3. g3 g6 4. Bg2 Bg7 5. Nc3 e6 6. 0-0 Nge7 7. d3 0-0 8. Bg5 h6 9. Bf4 d6 10. Qc1 Kh7 11. a3 a5 12. Rb1 e5 13. Bd2 Be6 14. Ne1 b6 15. Nc2 d5 16. b3 Rc8 17. Rd1 d4 18. Nb5 Qd7 19. b4 a4 20. bxc5 bxc5 21. Ne1 Ng8 22. Qc2 Ra8 23. Nf3 Nf6 24. e3 Ra6 25. exd4 exd4 26. Re1 Ne8 27. Bf4 g5 28. Bxg5 hxg5 29. Nxg5+ Kh8 30. Ne4 Qe7 31. Qe2 Ne5 32. Qh5+ Kg8 33. Ng5 Nf6 34. Qd1 Nfg4 35. f4 Ne3 36. Rxe3 dxe3 37. Nxe6 Rxe6 38. fxe5 Rxe5 39. Qe2 Rd8 40. Nc3 Rf5 41. Nd5 Qe5 42. Be4 Rf2 43. Qxe3 Ra2 44. Qf3 Ra1 45. Rxa1 Qxa1+ 46. Kg2 Qb2+ 47. Kh3 Rd6 48. Ne7+ Kf8 49. Nf5 Rd8 50. Bd5 Qf6 51. Qf2 Kg8 52. g4 Bf8 53. Kg2 Rb8 54. Nh6+ Kg7 55. Nf5+ Kh8 56. Qf4 Rb1 57. g5 Rb2+ 58. Kg3 Qg7 1-0

[Event "Sao Paulo Freitas Memorial"]
[Site "Sao Paulo"]
[Date "2015.10.10"]
[Round "1"]
[White "Pinto, Rendrex Lopes"]
[Black "Nobre, Jailson Altair Barb"]
[Result "1-0"]
[WhiteElo "2163"]
[BlackElo "1735"]
[PlyCount "57"]
[EventDate "2015.10.10"]
[EventType "swiss"]
[EventRounds "6"]
[EventCountry "BRA"]
[SourceTitle "CBM 168 Extra"]
[Source "ChessBase"]
[SourceDate "2015.10.29"]
[SourceVersion "1"]
[SourceVersionDate "2015.10.29"]
[SourceQuality "1"]

1. d4 Nf6 2. Nf3 e6 3. c4 Bb4+ 4. Nc3 b6 5. e3 Bxc3+ 6. bxc3 Ne4 7. Bd3 Bb7 8. Qc2 f5 9. 0-0 0-0 10. Nd2 Nxd2 11. Bxd2 c5 12. f3 d6 13. e4 fxe4 14. Bxe4 Bxe4 15. Qxe4 Qd7 16. Rae1 d5 17. Qxe6+ Qxe6 18. Rxe6 cxd4 19. cxd5 dxc3 20. Bxc3 Na6 21. Re7 Rf7 22. Rfe1 Nc7 23. d6 Nb5 24. Re8+ Rf8 25. d7 Nc7 26. Rxa8 Rxa8 27. Re7 Kf8 28. d8Q+ Rxd8 29. Rxc7 1-0

[Event "Sao Paulo op-A 3rd"]
[Site "Sao Paulo"]
[Date "2015.09.19"]
[Round "4"]
[White "Aranha Filho, Alvaro Zimmermann"]
[Black "Pinto, Rendrex Lopes"]
[Result "1-0"]
[WhiteElo "2288"]
[BlackElo "2172"]
[PlyCount "67"]
[EventDate "2015.09.17"]
[EventType "swiss"]
[EventRounds "6"]
[EventCountry "BRA"]
[SourceTitle "EXT 2016"]
[Source "ChessBase"]
[SourceDate "2015.10.08"]
[SourceVersion "1"]
[SourceVersionDate "2015.10.08"]
[SourceQuality "1"]

1. d4 Nf6 2. Nf3 c5 3. d5 e6 4. Nc3 d6 5. e4 e5 6. Bb5+ Bd7 7. a4 Be7 8. 0-0 0-0 9. Nd2 Ne8 10. Nc4 g6 11. Bh6 Ng7 12. f4 f6 13. f5 Bc8 14. a5 Na6 15. Rf3 Nc7 16. Rg3 g5 17. h4 Nxb5 18. Nxb5 a6 19. Nc3 Qe8 20. hxg5 fxg5 21. Bxg5 Bxg5 22. Rxg5 Qe7 23. Qg4 Rf6 24. Na4 Bd7 25. Nab6 Raf8 26. Nxd7 Qxd7 27. Ra3 R8f7 28. Rg3 Kf8 29. Qh4 Ne8 30. Rg8+ Ke7 31. Rh8 Qa4 32. b3 Qa1+ 33. Kh2 Qe1 34. Rxe8+ 1-0

[Event "Sao Paulo Cordioli Memorial"]
[Site "Sao Paulo"]
[Date "2015.09.06"]
[Round "4"]
[White "Leite, Diogo Lima"]
[Black "Pinto, Rendrex Lopes"]
[Result "0-1"]
[WhiteElo "1813"]
[BlackElo "2172"]
[PlyCount "58"]
[EventDate "2015.09.05"]
[EventType "swiss"]
[EventRounds "6"]
[EventCountry "BRA"]
[SourceTitle "EXT 2016"]
[Source "ChessBase"]
[SourceDate "2015.10.08"]
[SourceVersion "1"]
[SourceVersionDate "2015.10.08"]
[SourceQuality "1"]

1. Nf3 Nf6 2. c4 e6 3. d4 b6 4. g3 Bb7 5. Bg2 c5 6. Nc3 cxd4 7. Qxd4 Nc6 8. Qd3 Ne5 9. Nxe5 Bxg2 10. Rg1 Bb7 11. e4 Bb4 12. Bg5 h6 13. Bxf6 gxf6 14. Ng4 h5 15. Ne3 Bxc3+ 16. bxc3 Qe7 17. f3 0-0-0 18. Kf2 Kb8 19. Rgd1 d6 20. a4 h4 21. g4 Qc7 22. Rdb1 d5 23. cxd5 Qxh2+ 24. Kf1 Qg3 25. Ke2 h3 26. a5 exd5 27. exd5 Rhe8 28. c4 Qg2+ 29. Ke1 Rxe3+ 0-1

[Event "Sao Paulo Cordioli Memorial"]
[Site "Sao Paulo"]
[Date "2015.09.06"]
[Round "3"]
[White "Pinto, Rendrex Lopes"]
[Black "Proudian, Armen"]
[Result "0-1"]
[WhiteElo "2172"]
[BlackElo "2394"]
[PlyCount "60"]
[EventDate "2015.09.05"]
[EventType "swiss"]
[EventRounds "6"]
[EventCountry "BRA"]
[SourceTitle "EXT 2016"]
[Source "ChessBase"]
[SourceDate "2015.10.08"]
[SourceVersion "1"]
[SourceVersionDate "2015.10.08"]
[SourceQuality "1"]

1. f4 g6 2. e4 Bg7 3. Nf3 c5 4. Bc4 Nc6 5. 0-0 e6 6. Nc3 Nge7 7. d3 d5 8. Bb3 0-0 9. Qe1 Nd4 10. Ne2 dxe4 11. Nexd4 exf3 12. Nxf3 b6 13. Qh4 Bb7 14. Ne5 Nf5 15. Qxd8 Rfxd8 16. Bd2 Nd4 17. Be3 a5 18. Bxd4 Rxd4 19. a4 g5 20. c3 Rxf4 21. Rxf4 gxf4 22. Nc4 Ba6 23. Rf1 Bh6 24. g3 fxg3 25. Ne5 gxh2+ 26. Kxh2 Bg7 27. Nxf7 Bxd3 28. Rf2 c4 29. Bd1 Rf8 30. Bg4 Bg6 0-1